Vũ Trọng Phụng toàn tập Truyện ngắn. Kịch. Dịch thuật. Tiểu luận. Tạp văn

Enregistré dans:
Détails bibliographiques
Auteur principal: Vũ Trọng Phụng
Format: Livre
Langue:Vietnamese
Publié: H. Hội nhà văn 1999
Sujets:
Tags: Ajouter un tag
Pas de tags, Soyez le premier à ajouter un tag!
Thư viện lưu trữ: Mạng thư viện Đại học Đà Nẵng
LEADER 00969nam a2200349 4500
001 000005579
003 1724
005 20110817140847.0
008 110817s1999 viesd
020 |c 45000đ 
041 0 |a vie 
082 |a 895.9223  |b VUP 
100 0 |a Vũ Trọng Phụng 
245 0 |a Vũ Trọng Phụng toàn tập  |b Truyện ngắn. Kịch. Dịch thuật. Tiểu luận. Tạp văn  |c Vũ Trọng Phụng 
260 |a H.  |b Hội nhà văn  |c 1999 
300 |a 471 tr  |c 20 cm 
653 |a Văn học hiện đại 
653 |a Việt Nam 
653 |a Truyện ngắn 
653 |a Kịch 
653 |a Dịch thuật 
653 |a Tiểu luận 
653 |a Tạp văn 
910 |a Nguyễn Thị Kim Oanh  |d 17/08/2011 
OWN |a LSP 
999 |a From the UDN01 
TYP |a Monograph 
TYP |a Printed language 
980 |a Mạng thư viện Đại học Đà Nẵng